000 00509nam a2200193 a 4500
001 1777027203977
003 YourLibrary
005 20260424161209.0
008 260424s2004##################000#0#eng##
020 _a9781841132730
082 0 4 _a344.03288HIR
100 1 _aHirsch, Andrew Von,
_eauthor.
245 1 0 _aRestorative Justice and Criminal Justice :
260 _bHart Publishing,
_c2004.
300 _a366 pages
650 0 _aLaw.
942 _cENGLISH
040 _aYourLibrary
_beng
_cYourLibrary
999 _c619899
_d619899